书目信息 |
| 题名: |
功能薄膜与功能材料-新概念与新技术
|
|
| 作者: | 时东陆 主编 | |
| 分册: | ||
| 出版信息: | 北京 清华大学出版社 2002.12 |
|
| 页数: | 440页 | |
| 开本: | 24cm | |
| 丛书名: | ||
| 单 册: | ||
| 中图分类: | TB43 | |
| 科图分类: | ||
| 主题词: | 薄膜技术 | |
| 电子资源: | ||
| ISBN: | 7-302-05903-9 | |
| 000 | 00597nam0 2200193 45 | |
| 001 | 0432851427 | |
| 005 | 2004042909073093 | |
| 010 | @a7-302-05903-9@dCNY 120.00 | |
| 100 | @a20040429d2002 km y0chiy0120 ea | |
| 101 | 0 | @achi |
| 102 | @aCN@b110000 | |
| 200 | 1 | @a功能薄膜与功能材料-新概念与新技术@AGong Neng Bao Mo Yu Gong Neng Cai Liao-Xin Gai Nian Yu Xin Ji Shu@f时东陆主编@FShi Dong Lu Zhu Bian |
| 210 | @a北京@c清华大学出版社@d2002.12 | |
| 215 | @a440页@d24cm | |
| 606 | 0 | @a薄膜技术 |
| 690 | @aTB43@v3 | |
| 701 | 0 | @a时东陆@AShi Dong Lu@4主编 |
| 801 | 0 | @aCN@bPFT@c20040429 |
| 905 | @dTB43@eS560 | |
| 功能薄膜与功能材料-新概念与新技术/时东陆主编.-北京:清华大学出版社,2002.12 |
| 440页;24cm |
| ISBN 7-302-05903-9:CNY 120.00 |
| ● |
| 相关链接 |
|
|
|
正题名:功能薄膜与功能材料-新概念与新技术
索取号:TB43/S560
 
预约/预借
| 序号 | 登录号 | 条形码 | 馆藏地/架位号 | 状态 | 备注 |
| 1 | 380817 | 203808175 | 自科库501/501自科库 15排2列2层/ [索取号:TB43/S560] | 在馆 | |
| 2 | 380818 | 203808184 | 自科二线400A/201建筑库 11排2列2层/ [索取号:TB43/S560] | 在馆 | |
| 3 | 380819 | 203808193 | 自科库501/501自科库 15排2列2层/ [索取号:TB43/S560] | 在馆 |